Statistics for American TV Hosts Quiz

Click here to take the quiz!

General Stats

  • This quiz has been taken 14,700 times
    (9,860 since last reset)
  • The average score is 11 of 22

Answer Stats

ShowYearsHost% Correct
The Tonight Show1992-2014Jay Leno
85%
American Idol2002-Ryan Seacrest
84%
The Tonight Show2014-Jimmy Fallon
76%
Punk'd2003-2007Ashton Kutcher
74%
America's Next Top Model2003-Tyra Banks
72%
The Tonight Show1962-1992Johnny Carson
70%
The Daily Show1999-Jon Stewart
66%
The Tonight Show2009-2010Conan O'Brien
62%
New Year's Rockin' Eve1972-2012Dick Clark
59%
Project Runway2004-Heidi Klum
48%
Muscular Dystrophy
Telethon
1966-2010Jerry Lewis
42%
Total Request Live1999-2002Carson Daly
41%
Fear Factor2001-2006Joe Rogan
40%
The Joy of Painting1983-1994Bob Ross
37%
Survivor2000-Jeff Probst
36%
Star Search1983-1995Ed McMahon
35%
Reading Rainbow1983-2006LeVar Burton
35%
Cosmos2014Neil deGrasse
Tyson
35%
Cosmos1980Carl Sagan
34%
Politically Incorrect1993-2002Bill Maher
32%
Hardball1997-Chris Matthews
29%
Lifestyles of the Rich
and Famous
1984-1995Robin Leach
29%

Score Distribution

Percentile by Number Answered

Percent of People with Each Score

Your Score History

You have not taken this quiz since the last reset